000 00679nam a2200241Ia 4500
003 OSt
005 20221005083828.0
006 a|||||r|||| 00| 0
007 ta
008 221004b |||||||| |||| 00| 0 eng d
024 _a18560
037 _bGift, 03/06/2015,
_cTextual
040 _aCRL
_cCRL
_beng
041 _2eng
_aeng
082 _aO168,3NH7,2, 111P4
100 _aHyder Qurratulain
245 0 _aMy temples, too
260 _aNew Delhi
_bWomen Unlimited India
_c2004
300 _avi,182p.
_ccm.
650 _aURDU LITERATURE
942 _hO168,3NH7,2, 111P4
_cTEXL
_2cc
999 _c991628
_d991628